Statistics for Nightwish - Sleeping Sun

Click here to take the quiz!

General Stats

  • This quiz has been taken 157 times
  • The average score is 28 of 40

Answer Stats

Answer% Correct
The sun is sleeping {quietly}
97%
Oh how I {wish} to go down with the sun
94%
Oh how I {wish} to go down with the sun
94%
Oh how I {wish} to go down with the sun
94%
Once upon {a century}
94%
to last for a {lifetime}
94%
to last for a {lifetime}
94%
to last for a {lifetime}
94%
Will be desired by a {night}
93%
I wish for this {night}-{time}
88%
I wish for this {night}-{time}
88%
I wish for this {night}-{time}
88%
The {darkness} around me
84%
The {darkness} around me
84%
The {darkness} around me
84%
The truth at the {end} {of} {time}
78%
For wishes I {behold} my nights
74%
Shores of a {solar} {sea}
72%
Shores of a {solar} {sea}
72%
Shores of a {solar} {sea}
72%
{Sorrow} has a human heart
69%
{For} {my} {dreams} I hold my life
66%
Never finding {where} {to} {go}
64%
Ardent {caresses} laid to rest
63%
{Losing} {faith} makes a crime
63%
{Wistful} oceans calm and red
61%
I'd sail {before} a thousand moons
59%
From my {god} it will depart
52%
{Two} {hundred} {twenty}-{two} days of light
50%
Sleeping
49%
Sleeping
49%
Sleeping
49%
A moment for the {poet}'{s} {play}
45%
Weeping
45%
Weeping
45%
Weeping
45%
Until there's {nothing} {left} {to} {say}
44%
With you
43%
With you
43%
With you
43%

Score Distribution

Percentile by Number Answered

Percent of People with Each Score

Your Score History

You have not taken this quiz